अस्मिता आणि हिंसाचार (Record no. 1049074)

MARC details
000 -LEADER
fixed length control field 00614nam a2200181Ia 4500
008 - FIXED-LENGTH DATA ELEMENTS--GENERAL INFORMATION
fixed length control field 151018s9999 xx 000 0 und d
082 ## - DEWEY DECIMAL CLASSIFICATION NUMBER
Item number RBASDV50093
Classification number 301
100 ## - MAIN ENTRY--PERSONAL NAME
Personal name अमर्त्य सेन
245 ## - TITLE STATEMENT
Title अस्मिता आणि हिंसाचार
250 ## - EDITION STATEMENT
Remainder of edition statement 1
260 ## - PUBLICATION, DISTRIBUTION, ETC. (IMPRINT)
Name of publisher, distributor, etc पेग्विन
Date of publication, distribution, etc 2009
300 ## - PHYSICAL DESCRIPTION
Extent 248
600 ## - SUBJECT ADDED ENTRY--PERSONAL NAME
Personal name अमर्त्य सेन
630 ## - SUBJECT ADDED ENTRY--UNIFORM TITLE
Uniform title अस्मिता आणि हिंसाचार
700 ## - ADDED ENTRY--PERSONAL NAME
Personal name अमर्त्य सेन
730 ## - ADDED ENTRY--UNIFORM TITLE
Uniform title अस्मिता आणि हिंसाचार
942 ## - ADDED ENTRY ELEMENTS (KOHA)
Koha item type Book
Holdings
Withdrawn status Lost status Damaged status Not for loan Home library Current library Date acquired Cost, normal purchase price Total Checkouts Full call number Barcode Date last seen Cost, replacement price Price effective from Koha item type
        R.B. Anant Shivaji Desai Vachanalaya and Granthalaya, Kudal R.B. Anant Shivaji Desai Vachanalaya and Granthalaya, Kudal 01/01/2010 21.00   RBASDV50093 RBASDV50093 10/18/2015 21.00 10/18/2015 Book